9no Curso internacional de agricultura de precisión. 4ta Expo de máquinas precisas : Resúmenes de trabajos presentados /
Guardado en:
| Autores Corporativos: | , |
|---|---|
| Formato: | Libro |
| Idioma: | Spanish |
| Publicado: |
Manfredi,
2010.
|
| Etiquetas: |
Agregar Etiqueta
Sin Etiquetas, Sea el primero en etiquetar este registro!
|
| LEADER | 00774nam a22001575a 4500 | ||
|---|---|---|---|
| 001 | EEA.libagro009154 | ||
| 005 | 20161007125319.0 | ||
| 008 | 130809s2010####ag#a##########100#0#spa#d | ||
| 082 | 0 | 4 | |a 631.3 |
| 111 | 2 | |a Curso internacional de agricultura de precisión |n (9 : |d 14, 15 y 16 de julio de 2010 : |c Manfredi) | |
| 245 | 1 | 0 | |a 9no Curso internacional de agricultura de precisión. 4ta Expo de máquinas precisas : |b Resúmenes de trabajos presentados / |c EEA INTA Manfredi, Córdoba. |
| 260 | |a Manfredi, |c 2010. | ||
| 300 | |a 239 p. : |b il. ; |c 30 cm. | ||
| 500 | |a Proyecto nacional agricultura de precisión. | ||
| 710 | 2 | |a Instituto Nacional de Tecnología Agropecuaria (Argentina). |b Estación Experimental Agropecuaria Manfredi. | |
| 859 | |a AR-BbBCA |b BIB. AGRONOMIA |h 631.3 |i C977 9 2010 |p 2013/6220 | ||
